000 00373nam a2200145Ia 4500
008 230917s9999||||xx |||||||||||||| ||und||
040 _e133811
_aMAIN
041 _aEnglish
082 _a519.2 R197S
100 _aRavichandran, N
245 0 _aStochastic metods in reliabililty theory
260 _aNew Delhi
_bWiley Eastern
_c1990
300 _aviii,201p p.
942 _cBK
999 _c67762
_d67762